|
|
|
|
| LEADER |
00000cam a2200000 a 4500 |
| 001 |
vtls009439925 |
| 003 |
SK-MaSNL |
| 005 |
20260302080357.0 |
| 008 |
240314s1996 xo a j h 000 1bslo |
| 020 |
|
|
|a 8071141747
|q (brož.)
|
| 035 |
|
|
|a BJKDG34355
|
| 040 |
|
|
|a SNK
|b slo
|c SNK
|e AACR2
|
| 041 |
0 |
|
|a slo
|
| 044 |
|
|
|a xo
|c SK
|
| 072 |
|
7 |
|a 27-5
|x Kresťanské umenie a symbolika. Duchovný život
|2 konspekt
|
| 072 |
|
7 |
|a 821-93
|x Literatúra pre deti a mládež
|2 konspekt
|
| 080 |
|
|
|a 27-312.47-587.5
|2 2001
|
| 080 |
|
|
|a 27-587.5-055.2
|2 2001
|
| 080 |
|
|
|a (44)
|2 2001
|
| 080 |
|
|
|a (0.053.2)
|2 2001
|
| 080 |
|
|
|a (092)
|2 2001
|
| 100 |
1 |
|
|a Spál, Milan,
|d 1931-
|4 aut
|9 242513
|
| 245 |
1 |
0 |
|a Čo videla Bernadeta
|c Milan Spál, Michel Vaidis
|
| 250 |
|
|
|a [1. vyd.]
|
| 260 |
|
|
|a [Bratislava]
|b Lúč
|c [1996]
|
| 300 |
|
|
|a [28] s.
|b ilustr.
|c 21 x 23 cm
|
| 600 |
0 |
7 |
|a Bernadeta,
|c svätá,
|d 1844-1879
|2 SNKMA
|9 39334
|
| 650 |
0 |
7 |
|a mariánske zjavenia
|2 SNKPH
|9 68936
|
| 650 |
0 |
7 |
|a kresťanské vizionárky
|2 SNKPH
|9 4175
|
| 651 |
|
7 |
|a Lurdy (Francúzsko)
|2 SNKPH
|9 24791
|
| 655 |
|
7 |
|a publikácie pre deti
|2 SNKPH
|9 70148
|
| 655 |
|
7 |
|a biografie
|2 SNKPH
|9 27965
|
| 700 |
1 |
|
|a Vaidis, Michel
|4 aut
|9 744423
|
| 919 |
|
|
|a 80-7114-174-7
|
| 999 |
|
|
|c 1172853
|d 1174783
|
| 952 |
|
|
|a SNK
|b SNK
|y PREZ
|7 0
|p 17A0619536
|o snkSD 78154
|i snk2009/7563
|8 3
|g 1.00
|0 0
|1 0
|4 0
|d 2009-04-22
|l 0
|r 2025-11-26 00:00:00
|w 2026-02-24
|